Marvel year by year : (Registro nro. 33716)

Detalles MARC
000 -CABECERA
Longitud fija campo de control 01614cam a2200361 i 4500
003 - • IDENTIFICADOR DELl NÚMERO DE CONTROL
Identificador del número de control CO-ViMGA
005 - • FECHA Y HORA DE LA ÚLTIMA TRANSACCIÓN
Fecha y hora de la última transacción 20230915232209.0
008 - • CÓDIGOS DE INFORMACIÓN DE LONGITUD FIJA
Códigos de información de longitud fija 140522s2013 enka 001 0 eng d
020 ## - • NÚMERO INTERNACIONAL NORMALIZADO PARA LIBROS
Número Internacional Normalizado para Libros (ISBN) 1465414436
020 ## - • NÚMERO INTERNACIONAL NORMALIZADO PARA LIBROS
Número Internacional Normalizado para Libros (ISBN) 9781409378884
040 ## - FUENTE DE LA CATALOGACIÓN
Centro catalogador de origen CO-ViMGA
Lengua de catalogación spa
Centro transcriptor CO-ViMGA
043 ## - CÓDIGO DE ÁREA GEOGRÁFICA
Código de área geográfica n-us---
082 00 - • NÚMERO DE LA CLASIFICACIÓN DECIMAL DEWEY
Número de clasificación (R) 741.5
Número de edición 23
Número del ítem M17
240 10 - • TÍTULO UNIFORME
Título uniforme <a href="Marvel chronicle">Marvel chronicle</a>
245 10 - • TITULO PROPIAMENTE DICHO
Título Marvel year by year :
Resto del título a visual chronicle /
Mención de responsabilidad, etc. with a foreword by Stan Lee and afterword by Joe Quesada.
250 ## - • MENCI&Oacute;N DE EDICI&Oacute;N
Mención de edición Updated and expanded.
300 ## - • DESCRIPCI&Oacute;N F&Iacute;SICA
Extensión 383 pages :
Otras características físicas color illustrations ;
Dimensiones 31 cm
500 ## - • NOTA GENERAL
Nota general Includes index.
500 ## - • NOTA GENERAL
Nota general Previously published as Marvel Chronicle in the United States in 2008 by DK Publishing.
505 0# - • NOTA DE CONTENIDO CON FORMATO
Nota de contenido con formato Foreword / Stan Lee -- Introduction / Tom DeFalco -- 1939 / Peter Sanderson -- 1940s / Peter Sanderson -- 1950s / Tom Brevoort -- 1960s / Tom DeFalco -- 1970s / Peter Sanderson -- 1980s / Tom DeFalco -- 1990s / Matthew K. Manning -- 2000s / Matthew K. Manning -- 2010s / Matthew K. Manning -- Afterword / Joe Quesada.
520 ## - • NOTA DE RESUMEN
Resumen, etc, An illustrated chronology of Marvel comics.
610 20 - • PUNTO DE ACCESO ADICIONAL DE MATERIA - NOMBRE DE ENTIDAD CORPORATIVA
Nombre de entidad corporativa o nombre de jurisdicción como elemento inicial Marvel Comics Group.
610 27 - • PUNTO DE ACCESO ADICIONAL DE MATERIA - NOMBRE DE ENTIDAD CORPORATIVA
Nombre de entidad corporativa o nombre de jurisdicción como elemento inicial Marvel Comics Group.
650 #0 - • PUNTO DE ACCESO ADICIONAL DE MATERIA - T&Eacute;RMINO DE MATERIA
Término de materia o nombre geográfico como elemento inicial Comic books, strips, etc.
Subdivisión geográfica United States
Subdivisión de materia general History.
650 17 - • PUNTO DE ACCESO ADICIONAL DE MATERIA - T&Eacute;RMINO DE MATERIA
Término de materia o nombre geográfico como elemento inicial Comic books, strips, etc.
Fuente del encabezamiento o término fast
651 #7 - • PUNTO DE ACCESO ADICIONAL DE MATERIA - NOMBRE GEOGR&Aacute;FICO
Nombre geográfico United States.
655 #7 - • T&Eacute;RMINO DE INDIZACI&Oacute;N - G&Eacute;NERO&#47;FORMA
Datos o término principal de género/forma History.
Fuente del término fast
9 (RLIN) 2139
710 2# - • PUNTO DE ACCESO ADICIONAL - NOMBRE DE ENTIDAD
Nombre de entidad o nombre de jurisdicción como elemento inicial Marvel Comics Group.
856 42 - • LOCALIZACI&Oacute;N Y ACCESO ELECTR&Oacute;NICO
Especificación de materiales Publisher description
Identificador Uniforme del Recurso (URI) <a href="http://www.loc.gov/catdir/enhancements/fy1407/2014378113-d.html">http://www.loc.gov/catdir/enhancements/fy1407/2014378113-d.html</a>
942 ## - ENTRADA DE ELEMENTOS AGREGADOS (KOHA)
Fuente de clasificaión o esquema Dewey Decimal Classification
Koha [por defecto] tipo de item LIbro
Existencias
Perdido Fuente de clasificaci&oacute;n o esquema Estado Físico No para pr&eacute;stamo Forma de adquisición Localizaci&oacute;n permanente Localizaci&oacute;n actual Fecha adquisici&oacute;n Pr&eacute;stamos totales Signatura completa C&oacute;digo de barras Fecha &uacute;ltima consulta N&uacute;mero de copia Fecha del precio de reemplazo Tipo de item de Koha
  Dewey Decimal Classification     Sala Especializada Tercer Piso Biblioteca Pública Germán Arciniegas - Villavicencio Biblioteca Pública Germán Arciniegas - Villavicencio 12/15/2015   741.5 M17 29547 10/05/2022 Ej. 1 12/15/2015 LIbro









Instituto Departamental de Cultura del Meta - Red Departamental de Bibliotecas Públicas del Meta.